Raymond Poincaré et sa présidence - Statistiques

Statistiques générales
  • Ce quiz a été pris 66 fois
  • Le résultat moyen est 12 sur 20
Statistiques - réponses
Groupe Indices Réponses % Correct
Biographie Monnaie sauvée de la spéculation, sur demande de Gaston Doumergue Franc
97%
Présidence Parti politique lors de son élection Alliance démocratique
92%
Présidence Traité de paix qu'il ne fut pas invité à signer en 1919 mais qu'il critiqua vivement Traité de {Versailles}
92%
Présidence Tsar qu'il encouragea à entrer en guerre Nicolas II
90%
Présidence Président du Conseil de 1917 à 1920 Georges Clemenceau
85%
Biographie Prestigieuse institution de lettres où il est élu en 1909 Académie française
83%
Présidence Les cendres de cet officier célèbre pour avoir composé La Marseillaise sont transférées aux Invalides en 1915 Rouget de Lisle
81%
Citations Rien ne brisera devant l'ennemi l'{Union} sacrée.
78%
Présidence Maréchal avec qui il envisageait de poursuivre les Allemands au-delà de leurs frontières, s'opposant à la volonté de ⬆️ Philippe Pétain
75%
Bibliographie Mémoires en dix volumes retraçant l'ensemble de sa vie politique Au service de la {France}
73%
Biographie Profession de formation Avocat
68%
Biographie Fonction de chef de gouvernement occupée à trois reprises Président du Conseil
68%
Biographie Université fréquentée Université de Paris
58%
Présidence Sa durée est allongée, pour atteindre trois ans Service militaire
56%
Citations La mobilisation n'est pas la {guerre}.
53%
Famille Cousin germain (mathématicien) Henri Poincaré
39%
Biographie Département de naissance dont il fut sénateur pendant près de quinze ans Meuse
19%
Famille Epouse Henriette Benucci
8%
Présidence Adversaire radical soutenu par ⬇️ Jules Pams
3%
Bibliographie Autobiographie de son septennat, sous le prisme de la Grande Guerre L'invasion {1914}
2%
Aucun quiz correspondant
Distribution des résultats
% des personnes avec chaque résultat
Percentile par nombre de réponses
Votre historique - résultats
Vous n’avez pas pris ce quiz